| 000 | 00799nam a2200229 a 4500 | ||
|---|---|---|---|
| 001 | BRCA_150 | ||
| 005 | 20190320202912.0 | ||
| 008 | 100408s2005----mx-a---###---#000-0#spa-# | ||
| 020 | _a9680301591 | ||
| 050 | 4 |
_aAM101.M4 _b.V39 2005 |
|
| 100 | 1 |
_aVázquez Olvera, Carlos _9577 |
|
| 245 | 1 | 0 |
_aAlfonso Soto Soria _bmuseógrafo mexicano _cCarlos Vázquez Olvera. |
| 260 |
_aMéxico _bINAH _c2005 |
||
| 300 |
_a401 p. _bil., fotografías _c33 cm. |
||
| 500 | _aIncluye información sobre la instalación del Museo Franz Mayer: p. 228-250 y 375-382 | ||
| 504 | _aBibliografía: p. 363-401 | ||
| 600 | 1 | 4 |
_aSoto Soria, Alfonso _d1926- _9578 |
| 610 | 2 | 4 |
_aMuseo Franz Mayer _xEdificio _9579 |
| 650 | 1 | 4 |
_aMuseografía _ySiglo XX _zMéxico _9580 |
| 650 | 1 | 4 |
_aMuseos _xInstalación _zMéxico _9581 |
| 942 |
_2lcc _cB |
||
| 999 |
_c129 _d129 |
||